अभिव्यक्ति अंतर्मन की...: (Record no. 205665)

MARC details
000 -LEADER
fixed length control field 01096nam a22002297a 4500
005 - DATE AND TIME OF LATEST TRANSACTION
control field 20240911113303.0
010 ## - LCCN (DPL NO)
LC control number HIN-128374
020 ## - INTERNATIONAL STANDARD BOOK NUMBER
International Standard Book Number 9788195751020
Terms of availability 325.00
035 ## - SYSTEM CONTROL NUMBER
System control number HN-100720
037 ## - SOURCE OF ACQUISITION
Source of stock number/acquisition DBAD
082 ## - DEWEY DECIMAL CLASSIFICATION NUMBER
Classification number 821
245 ## - TITLE STATEMENT
Title अभिव्यक्ति अंतर्मन की...:
Remainder of title चेतना साझा काव्य संग्रह-2/
Statement of responsibility, etc मीना सिंह, चेतना लवास और मोनिका सिंह द्वारा संपादित
250 ## - EDITION STATEMENT
Edition statement प्रथम
260 ## - PUBLICATION, DISTRIBUTION, ETC. (IMPRINT)
Place of publication, distribution, etc New Delhi
Name of publisher, distributor, etc फ्लोरेंट पब्लिकेशन
Date of publication, distribution, etc 2022
270 ## - ADDRESS
Address 8, 2, Street Number 1, Arya Nagar, Dayanand Vihar, West Vinod Nagar,
City New Delhi
Postal code 110092
Electronic mail address info.florentpub@gmail.com
300 ## - PHYSICAL DESCRIPTION
Extent 270 पृ.
Dimensions 20 सेमी (अजिल्द)
650 ## - SUBJECT ADDED ENTRY--TOPICAL TERM
Topical term or geographic name as entry element हिन्दी
700 ## - ADDED ENTRY--PERSONAL NAME
9 (RLIN) 71230
Personal name मीना सिंह
700 ## - ADDED ENTRY--PERSONAL NAME
Personal name लवास, चेतना
9 (RLIN) 71240
700 ## - ADDED ENTRY--PERSONAL NAME
Personal name मोनिका सिंह
9 (RLIN) 71241
942 ## - ADDED ENTRY ELEMENTS (KOHA)
Institution code [OBSOLETE] DPL
Item type Hindi Books
Source of classification or shelving scheme Dewey Decimal Classification
Classification part 821
Call number suffix अभिव्य
Holdings
Withdrawn status Lost status Not for loan Collection code Home library Current library Date acquired Source of acquisition Cost, normal purchase price Full call number Barcode Copy number Cost, replacement price Koha item type
      Non-fiction Shahdara Branch Shahdara Branch 06/09/2024 DBAD 325.00 821 अभिव्य HN-100720 1 325.00 Hindi Books

© Delhi Public Library
Hit Counter
free hit counter